| 000 | 00840nam a22002177a 4500 | ||
|---|---|---|---|
| 999 |
_c19293 _d19293 |
||
| 003 | AR-CdUCM | ||
| 008 | 190517b ||||| |||| 00| 0 spa d | ||
| 040 |
_aMUNICIPALIDAD PROVINCIAL DEL CUSCO _cBIBLIOTECA MUNICIPAL DEL CUSCO |
||
| 082 |
_a623.825 / _bOR74 |
||
| 100 |
_aOrtiz Sotelo, Jorge _98150 |
||
| 245 | _aLa cañonera américa la segunda mas antigua en el mundo / | ||
| 260 |
_aLima : _bTalleres gráficos Cesygraf, _c1989. |
||
| 300 |
_a81 paginas ; _bIlustraciones, _c21 cm. |
||
| 505 | _aContenido : La cañonera américa -- Características del buque -- Comisiones al Marañon -- Campaña de Caqueta -- Diversas comisiones y campaña del Putumayo... | ||
| 650 |
_aCañones _940554 |
||
| 650 |
_aAmérica _91348 |
||
| 650 |
_aCampañas _9895 |
||
| 710 |
_aCONCYTEC, _92809 |
||
| 942 |
_2ddc _cLIBROS |
||
| 945 |
_awnts _d2019-05-17 |
||